000 00765na a2200217 4500
001 21248
003 MIRAKIL
005 20181213154929.0
008 170207b tu 000 0
040 _aMilas
_btur
_cTR-AnCHP
041 _atur
082 _a351.7223
_bÖ93i 2009
090 _a351.7223 Ö93i 2009
110 _aÖzel Çevre Koruma Kurumu Başkanlığı
245 _a2009 yılı bütçe kanun tasarısı
_cÖzel Çevre Koruma Kurumu Başkanlığı
260 _aAnkara
_bÖzel Çevre Koruma Kurumu Başkanlığı
_c2009
300 _ayaklaşık 30 s.
_btbl.
_c20 sm.
610 _aÇevre ve Orman Bakanlığı
_xBütçe tasarısı
_y2009
710 _aT.C. Çevre ve Orman Bakanlığı Devlet Su İşleri Genel Müdürlüğü
942 _2ddc
_cBKS
999 _c3359
_d3359